Neue Tropitoidea aus den Hallstätter Kalken des Salzkammergutes,
Saved in:
| 主要作者: | |
|---|---|
| 格式: | Book Chapter |
| 语言: | German |
| 出版: |
Wien,
1920.
|
| 丛编: | Denkschriften der Kaiserlichen Akademie der Wissenschaften. Mathematisch-Naturwissenschaftliche Classe ;
Bd. 97 (1920) |
| 主题: | |
| 标签: |
添加标签
没有标签, 成为第一个标记此记录!
|
| LEADER | 01037caa a2200265Li 4500 | ||
|---|---|---|---|
| 001 | 012691596-2 | ||
| 005 | 20150717080925.0 | ||
| 008 | 920220s1920 au af 000 0 ger c | ||
| 010 | |a a 44005065 | ||
| 035 | 0 | |a ocm82425913 | |
| 040 | |a Stanford Univ. |c STF |d OCLCG | ||
| 050 | 0 | 4 | |a AS142 |b .V314 Bd.97 |
| 100 | 1 | |a Diener, Karl, |d 1862-1928. | |
| 245 | 1 | 0 | |a Neue Tropitoidea aus den Hallstätter Kalken des Salzkammergutes, |c von Dr. C. Diener. |
| 260 | |a Wien, |c 1920. | ||
| 300 | |a 55 p. : |b ill. ; |c 31 cm. | ||
| 500 | |a "Vorgelegt in der Sitzung am 16. Oktober 1919." | ||
| 500 | |a "Aus den Denkschriften der Akademie der Wissenschaften in Wien, Mathematisch-naturwissenschaftliche Klasse, 97. Band." | ||
| 650 | 0 | |a Ammonoidea. | |
| 650 | 0 | |a Paleontology |y Triassic. | |
| 650 | 0 | |a Paleontology |z Austria |z Hallstatt. | |
| 740 | 0 | |a Hallstätter Kalken des Salzkammergutes. | |
| 830 | 0 | |a Denkschriften der Kaiserlichen Akademie der Wissenschaften. |p Mathematisch-Naturwissenschaftliche Classe ; |v Bd. 97 (1920) | |
| 988 | |a 20110217 | ||
| 906 | |0 OCLC | ||


